000 00884nam a2200217Ia 4500
999 _c39325
_d39325
001 5911
003 GE_BSU
005 20190821111614.0
008 181216s1942||||ge |||||||||||||| ||geo||
040 _cGE_BSU
041 _ageo
080 _a821.353.1-11 ა-13
100 _aაბაშიძე, გრიგოლ
_91383
245 _aგიორგი მეექვსე :
_bპოემა /
_cგრიგოლ აბაშიძე ; რედ. ი. აბაშიძე.
264 _aთბილისი :
_bსაბავშვო და ახალგაზრდობის ლიტგამომცემლობა ;
_c1942.
300 _a73 გვ. ;
_c14 სმ.
653 _aგიორგი მეექვსე
653 _aპოემა
700 _aაბაშიძე, ი.
_eრედაქტორი
_92742
942 _cBK
_2udc